Geography Quiz

Random Geography or State Quiz

8 to 1: US States Quiz Stats

 Plays Quiz Updated Apr 22, 2019

Score 0/36 Timer 06:00
0 Plays Today
% Correct
Michigan
96.5%
Illinois
92.2%
Missouri
89.5%
California
89.3%
Washington
87.5%
Ohio
87.5%
Minnesota
87.2%
Oregon
86.9%
Wisconsin
86.6%
Indiana
86.4%
New Hampshire
85%
New York
85%
Massachusetts
84.2%
Connecticut
82.8%
Alaska
82.6%
Maine
82.3%
Hawaii
81.7%
Vermont
80.4%
% Correct
Pennsylvania
80.1%
Colorado
79.2%
Mississippi
77.7%
Rhode Island
76.8%
Texas
76.5%
New Mexico
73.8%
Utah
73.6%
Arizona
72.5%
Arkansas
67.3%
North Carolina
66.8%
Kansas
65.1%
Iowa
62.5%
Virginia
61.5%
Nebraska
57.7%
South Dakota
49.4%
New Jersey
46.8%
North Dakota
42.4%
Montana
35.7%

You're not logged in!

Compare scores with friends on all Sporcle quizzes.
OR
Log In

Sporcle TV

Today on Sporcle TV


Watch our educational content, quiz creation guides, and fun videos on Sporcle TV.

Show Comments

Extras

Top Quizzes Today


Score Distribution

Your Account Isn't Verified!

In order to create a playlist on Sporcle, you need to verify the email address you used during registration. Go to your Sporcle Settings to finish the process.

Report this User

Report this user for behavior that violates our Community Guidelines.

Details: